|
|
|
|
| LEADER |
00000nab a2200000 ar4500 |
| 001 |
vtls010202728 |
| 003 |
SK-MaSNL |
| 005 |
20260303192607.0 |
| 008 |
110111c20101213xo |||||||||||000 b|slo |
| 015 |
|
|
|a SNBRB2011/01
|2 snkbucl
|
| 038 |
|
|
|a SNKBUCL
|
| 040 |
|
|
|a SNKBUCL
|b slo
|c SNKBUCL
|e AACR2
|
| 041 |
0 |
|
|a slo
|
| 044 |
|
|
|a xo
|c SK
|
| 080 |
|
|
|a 796.325.093.1
|x (4)
|2 2001
|
| 245 |
0 |
0 |
|a Sklamanie v treťom sete
|b Stredoeurópska liga volejbalistiek a volejbalistov - 11. kolo
|
| 300 |
|
|
|b Tab.
|
| 648 |
|
7 |
|a sezóna 2010/2011
|2 snkbucl
|9 1038786
|
| 650 |
0 |
7 |
|a volejbal
|2 snkbucl
|9 3294
|
| 650 |
0 |
7 |
|a Európska liga
|2 snkbucl
|9 872933
|
| 650 |
0 |
7 |
|a 11. kolo
|2 snkbucl
|9 1032355
|
| 773 |
0 |
|
|t Šport
|g Roč. 64, č. 286 (13.12.2010), s. 29
|x 0139-7001
|
| 852 |
|
|
|a SNK
|b KIS3GCP
|
| 856 |
4 |
1 |
|u http://denniksport.sk/article/157083/slavistky-nemali-narok
|
| 999 |
|
|
|c 2147263
|d 2149193
|